000 01067naa a22002897a 4500
001 BR9400315
003 BR-BrBNA
005 20240918181100.0
007 ta
008 230509b bl.||||| |||| 00| 0 por d
040 _aBR-BrBNA
_bpor
_cBiblioteca Nacional de Agricultura
041 _a(Pt)
072 _aF04; P35
090 _aF04 BR9400315
100 1 _aCruz, R.L.
100 1 _aRighetto, A.M.
100 1 _aLeopoldo, P.R.
111 1 _a22. Congresso Brasileiro de Engenharia Agricola
_cIlheus, BA (Brazil)
_d19-23 Jul 1993
245 1 _aEfeito da aplicacao de vinhaca sobre acidez do solo (latossolo vermelho escuro, alico)
260 3 _aIlheus, BA (Brasil):
_c1993.
500 _a22. Congresso Brasileiro de Engenharia Agricola. Anais Ilheus, BA (Brasil): 1993. v. 4 p. 2555-2568 (BR9400315-AM)F04
650 _aAcidez do Solo
650 _aVinhaca
773 0 _t22. Congresso Brasileiro de Engenharia Agricola. Anais
_wF04 BR9400315
_gIlheus, BA (Brasil), 1993. v. 4 p. 2555-2568
909 _a202404
_bLucia
_c55
_dLucia Elande
942 _cAM
_2AGRIS
999 _c323533
_d323533